O deťoch a ich (m)učení

Bibliographic Details
Main Author: Smida, Jozef (Author)
Format: Article
Language:Slovak
Subjects:

MARC

LEADER 00000nab a2200000 ar4500
001 vtls010967602
003 SK-MaSNL
005 20260303165727.0
008 151020c2015 xo mr|p|||a| |000 b|slo
015 |a SNBRB2015/10 
038 |a SPK 
040 |a SPKCL  |b slo  |c AACR2  |e AACR2 
041 0 |a slo  |b slo 
044 |a xo  |c SK 
072 7 |a 37  |x Výchova a vzdelávanie  |2 konspekt 
072 7 |a 316.3  |x Globálne spoločnosti. Sociálna štruktúra. Sociálne skupiny  |2 konspekt 
072 7 |a 316.4/.7  |x Sociálne interakcie  |2 konspekt 
080 |a 37.0  |2 2001 
080 |a 316.346.32-053.2  |2 2001 
080 |a 316.64  |2 2001 
100 1 |a Smida, Jozef  |4 aut  |9 5448 
245 1 0 |a O deťoch a ich (m)učení  |c Jozef Smida 
546 |a Res. slov. 
650 0 7 |a výchova a vzdelávanie  |2 snkbucl  |9 1684 
650 0 7 |a učenie  |2 snkbucl  |9 3884 
650 0 7 |a deti  |2 snkbucl  |9 773 
650 0 7 |a názory a postoje  |2 snkbucl  |9 4303 
650 0 7 |a stereotypy  |2 snkbucl  |9 4368 
773 0 |t Rodina a škola  |g Roč. 64, č. 7 (2015), s. 20-21  |x 0231-6463 
852 |a SPK  |b KIS3GCP 
999 |c 2073421  |d 2075351